1858 1568 1400 1171 1802 1049 1539 1346 1455 1985 1491 1656 1591 1232 1199 1367 1063 1967 1477 1373 1190 1551 1122 1721 1756 1862 1713 1685 1873 1074 1795 1129 1377 1321 1232 1134 1116 1151 1582 1816 1577 1583 1195 1593 1184 1139 1110 1837 1364 1343 1853 1018 1161 1207 1041 1080 1701 1909 1932 1964 1170 1095 1371 1769 1090 1331 1588 1912 1520 1493 1142 1181 1238 1740 1592 1287 1806 1043 1315 1913 1924 1348 1594 1261 1378 1677 1328 1364 1948 1737 1806 1302 1406 1789 1157 1126 1945 1592 1734 BCNSPRNW ULIB Ver.6.0+V

เปลี่ยนเป็นภาษาไทย

Change to English
 แสดงรายละเอียดบรรณานุกรม
  กลับหน้าหลัก

Brief Record : Get Marc (ISO 2709) : E-mail record : QR code < ปิดหน้าต่าง
LEADER : 00000nam 2200000uu 4500
001    13399113905
003     ULIB
008    120112s2545||||th 000 0 tha d
020    9749240502
090    ^aนว^bย232 2545
100 0  ^aยาขอบ
240 10 ^a[สามก๊ก]
245 10 ^aจูล่ง :^bสุภาพบุรุษจากเสียงสาน /^cยาขอบ
250    ^aพิมพ์ครั้งที่ 16
260    ^aกรุงเทพฯ :^bดอกหญ้า,^c2545
300    ^a160 หน้า :^bภาพประกอบ ;^c19 ซม.
440  0 ^aสามก๊กฉบับวณิพก
440  0 ^aชุดโครงการอนุรักษ์วรรณกรรมเก่าและหายาก ;^vอันดับที่ 29
650  4 ^aพงศาวดารจีน
650  4 ^aวรรณกรรมกับประวัติศาสตร์^zจีน
650  4 ^aวรรณกรรมจีน
650  4 ^aสามก๊ก^xตัวละครและลักษณะนิสัย
653    ^aจูล่ง
653    ^aOpen Your Eyes Project
945    ^p95^l0^i15401
995    ^aกัณชพร
999 ^a ใช้งานได้ทุกระบบ
รายการนี้ยังไม่มีแท็ก
คุณยังไม่ได้ล็อกอิน คุณสามารถมีกิจกรรมร่วมกับเว็บไซต์ได้ แต่ต้องล็อกอินก่อน ::
  ล็อกอิน

รายการสื่อสารสนเทศ

ลำดับที่ ประเภท เลขเรียก/บาร์โค้ด สถานที่ สถานะ
1. วิทยาศาสตร์การแพทย์ และสุขภาพ
วิทยาศาสตร์การแพทย์ และสุขภาพ
นว ย232 2545  
  Barcode: 15401
ห้องสมุดวิทยาเขตสวรรค์ประชารักษ์
►นวนิยาย
บนชั้น
  ขอยืม

รายการใกล้เคียง
    ผู้แต่ง [ยาขอบ]

    หัวเรื่อง [พงศาวดารจีน]
    หัวเรื่อง [วรรณกรรมจีน]

BibComment


ยังไม่เคยถูกคอมเมนท์

คอมเมนท์ทรัพยากรรายการนี้
  คอมเมนท์: จูล่ง สุภาพบุรุ..


 Copyright 2026. Bcnsprnw @Library